000 01055cam a22002054a 4500
005 20250605164142.0
008 250528s ||||||||||||||||||||||||d
035 _a19013
020 _a521367816
040 _aGR-AtMCL
_bgre
_dGR-AtMCL
_eAACR2
245 1 _aContingency, Irony, and Solidarity
250 _a1st
260 _bCambridge University Press,
_c1989
300 _a208
520 _aThis book has a characteristically wide range of reference from philosophy through social theory to literary critisism. Preface, Introduction, Contigency, The Contigency of Language, The Contigency of Selfhood, The Contigency of a Liberal Community, Ironism and Theory, Private Irony and Liberal Hope, Self-Creation and Affiliation: Proust and Nietzsche and Heidegger, From Ironist Theory to Private Allusions: Derrida, Crueltly and Solidarity, The Barber of Kasbeam: Nabokov on Cruelty, The Last Intellectual in Europe: Orwell on Cruelty, Solidarity, Index of Names.
700 1 _aRorty Richard
_95294
942 _cBK
999 _c4303
_d4303